Library Logo

Pioneer International University Library Catalogue

The profit zone : (Record no. 9185)

MARC details
000 -LEADER
fixed length control field 01450cam a2200349 a 4500
001 - CONTROL NUMBER
control field 3543707
003 - CONTROL NUMBER IDENTIFIER
control field OSt
005 - DATE AND TIME OF LATEST TRANSACTION
control field 20250901165801.0
008 - FIXED-LENGTH DATA ELEMENTS--GENERAL INFORMATION
fixed length control field 970619s1997 nyua b 001 0 eng
010 ## - LIBRARY OF CONGRESS CONTROL NUMBER
LC control number 97027496
020 ## - INTERNATIONAL STANDARD BOOK NUMBER
International Standard Book Number 0812929004 (alk. paper)
040 ## - CATALOGING SOURCE
Original cataloging agency DLC
Transcribing agency DLC
Modifying agency DLC
050 00 - LIBRARY OF CONGRESS CALL NUMBER
Classification number HF 5386 .S6363 1997
Item number .S6363 1997
082 00 - DEWEY DECIMAL CLASSIFICATION NUMBER
Classification number 658.15/5
Edition information 21
100 1# - MAIN ENTRY--PERSONAL NAME
Personal name Slywotzky, Adrian J.
245 14 - TITLE STATEMENT
Title The profit zone :
Remainder of title how strategic business design will lead you to tomorrow's profits /
Statement of responsibility, etc. Adrian J. Slywotzky and David J. Morrison, with Bob Andelman.
250 ## - EDITION STATEMENT
Edition statement 1st ed.
260 ## - PUBLICATION, DISTRIBUTION, ETC.
Place of publication, distribution, etc. New York :
Name of publisher, distributor, etc. Times Business,
Date of publication, distribution, etc. c1997.
300 ## - PHYSICAL DESCRIPTION
Extent x, 342 p. :
Other physical details ill. ;
Dimensions 25 cm.
504 ## - BIBLIOGRAPHY, ETC. NOTE
Bibliography, etc. note Includes bibliographical references (p. 329-332) and index.
650 #0 - SUBJECT ADDED ENTRY--TOPICAL TERM
Topical term or geographic name entry element Success in business.
650 #0 - SUBJECT ADDED ENTRY--TOPICAL TERM
Topical term or geographic name entry element Corporate profits.
650 #0 - SUBJECT ADDED ENTRY--TOPICAL TERM
Topical term or geographic name entry element Competition.
700 1# - ADDED ENTRY--PERSONAL NAME
Personal name Morrison, David J.,
Dates associated with a name 1947-
700 1# - ADDED ENTRY--PERSONAL NAME
Personal name Andelman, Bob.
856 42 - ELECTRONIC LOCATION AND ACCESS
Materials specified Contributor biographical information
Uniform Resource Identifier <a href="http://www.loc.gov/catdir/bios/random057/97027496.html">http://www.loc.gov/catdir/bios/random057/97027496.html</a>
856 41 - ELECTRONIC LOCATION AND ACCESS
Materials specified Sample text
Uniform Resource Identifier <a href="http://www.loc.gov/catdir/samples/random041/97027496.html">http://www.loc.gov/catdir/samples/random041/97027496.html</a>
856 42 - ELECTRONIC LOCATION AND ACCESS
Materials specified Publisher description
Uniform Resource Identifier <a href="http://www.loc.gov/catdir/description/random042/97027496.html">http://www.loc.gov/catdir/description/random042/97027496.html</a>
906 ## - LOCAL DATA ELEMENT F, LDF (RLIN)
a 7
b cbc
c orignew
d 1
e ocip
f 19
g y-gencatlg
942 ## - ADDED ENTRY ELEMENTS (KOHA)
Source of classification or shelving scheme Library of Congress Classification
Koha item type Books
Holdings
Withdrawn status Lost status Source of classification or shelving scheme Damaged status Not for loan Home library Current library Shelving location Date acquired Total checkouts Full call number Barcode Date last seen Price effective from Koha item type
    Library of Congress Classification     Main Library Main Library   12/11/2024   HF 5386 .S6363 1997 PIU0160119 12/11/2024 12/11/2024 Books